Blazer and Ashland Oil; a study in management.

Bibliographic Details
Main Author: Massie, Joseph L.
Format: Book
Language:English
Published: [Lexington?] : University of Kentucky Press, [1960]
Subjects:

MARC

Tag First Indicator Second Indicator Subfields
LEADER 00000cam a2200000 4500
001 in00000057872
005 20151008050942.0
008 720208s1960 kyu 00000 eng u
010 |a  60008519  
035 |a (OCoLC)00236665 
035 |9 AAG4525AM 
040 |c WSU  |d TXA  |d UtOrBLW 
049 |a TXAM  |c 1 [324618] 
050 0 0 |a HD9569.A68  |b M3 
092 |a 338.476655  |b M417b 
100 1 |a Massie, Joseph L. 
245 1 0 |a Blazer and Ashland Oil; a study in management. 
264 1 |a [Lexington?] :  |b University of Kentucky Press,  |c [1960] 
300 |a 253 pages 
336 |a text  |b txt  |2 rdacontent 
337 |a unmediated  |b n  |2 rdamedia 
338 |a volume  |b nc  |2 rdacarrier 
600 1 0 |a Blazer, Paul G. 
610 2 0 |a Ashland Oil, inc. 
999 |a MARS 
999 f f |s 3e527603-881e-3d07-a4d6-3309ab3d497d  |i 0c2c105b-a5ce-327f-979f-ce465266b185  |t 0 
952 f f |p ric  |a Texas A&M University  |b Rellis Campus  |c Joint Library Facility  |d Remote Storage  |t 0  |e HD9569.A68 M3  |h Library of Congress classification  |i unmediated -- volume  |m A14800765893 
998 f f |a HD9569.A68 M3  |t 0  |l Remote Storage